Công nghệ sinh học thực vật : (Sách chuyên khảo)
Giới thiệu các thí nghiệm liên quan tới việc nuôi cấy mô tế bào thực vật được tiến hành trên trên cây sâm Ngọc Linh, cây kiwi, dâu tây, hoa đồng tiền, hoa mắt mèo, hoa cúc, cây lan hồ điệp...
Wedi'i Gadw mewn:
| Prif Awdur: | |
|---|---|
| Fformat: | Llyfr |
| Iaith: | Undetermined |
| Cyhoeddwyd: |
Hà Nội
Nông Nghiệp
2013
|
| Pynciau: | |
| Tagiau: |
Ychwanegu Tag
Dim Tagiau, Byddwch y cyntaf i dagio'r cofnod hwn!
|
| Thư viện lưu trữ: | Trung tâm Học liệu Trường Đại học Cần Thơ |
|---|
| LEADER | 00974nam a2200229Ia 4500 | ||
|---|---|---|---|
| 001 | CTU_186019 | ||
| 008 | 210402s9999 xx 000 0 und d | ||
| 020 | |c 50000 | ||
| 082 | |a 631.523 | ||
| 082 | |b Nh565/T.5 | ||
| 100 | |a Dương, Tấn Nhựt | ||
| 245 | 0 | |a Công nghệ sinh học thực vật : | |
| 245 | 0 | |b (Sách chuyên khảo) | |
| 245 | 0 | |c Dương Tấn Nhựt | |
| 260 | |a Hà Nội | ||
| 260 | |b Nông Nghiệp | ||
| 260 | |c 2013 | ||
| 520 | |a Giới thiệu các thí nghiệm liên quan tới việc nuôi cấy mô tế bào thực vật được tiến hành trên trên cây sâm Ngọc Linh, cây kiwi, dâu tây, hoa đồng tiền, hoa mắt mèo, hoa cúc, cây lan hồ điệp... | ||
| 650 | |a Plant biotechnology,Công nghệ sinh học thực vật | ||
| 904 | |i Nhựt | ||
| 910 | |a Nguyên | ||
| 980 | |a Trung tâm Học liệu Trường Đại học Cần Thơ | ||